• 首页
  • 本馆介绍
  • 公告通知
  • 最新文献
  • 馆藏检索
  • 电子资源
  • 读者导购
  • 参考咨询
  • 我的图书馆
  • 登录
  • 详细信息显示
  • 放入我的书架
  • 预约/预借图书
  • 作者相关作品
  • 分类相关作品
  • 丛书相关作品
  • 出版社相关作品

书目信息

  • 表格格式
  • 工作单格式
  • 卡片格式
题名:
新编平面几何证题法
    
 
作者: 郁祖权 编
分册:  
出版信息: 合肥   安徽教育出版社  1983
页数: 376页
开本: 19cm
丛书名:
单 册:
中图分类: O123.1-44 , O123.1
科图分类:
主题词: 平面几何--解题 , 初等数学
电子资源:
ISBN:
000 00752nam0 2200277 45
001 0183012145
005 20040706085820.0
010    @dCNY0.88
091    @a13276.4
100    @a19950213d1983 em y0chiy0121 ea
101 0  @achi
102    @aCN@b340000
105    @ay z 000yy
106    @ar
200 10 @a新编平面几何证题法@Axin bian ping mian ji he zheng ti fa@f郁祖权等编
210    @a合肥@c安徽教育出版社@d1983
215    @a376页@d19cm
517 1  @a平面几何证题法@Aping mian ji he zheng ti fa
606    @a平面几何@x解题
606 0  @a初等数学
690    @aO123.1-44@v3
690    @aO123.1@v3
701  0 @a郁祖权@Ayu zu quan@4编
801  0 @aCN@b上海图书馆@c20040520
801  2 @aCN@bNLC@c20040520
905    @dO123.1@e10@f1@b99713
    
    新编平面几何证题法/郁祖权等编.-合肥:安徽教育出版社,1983
    376页;19cm
    
    
    ISBN :CNY0.88
    
●
相关链接 在E读中查询图书 在五车中查询图书 在当当中查询图书 在豆瓣中查询图书


正题名:新编平面几何证题法     索取号:O123.1/10         预约/预借

序号 登录号 条形码 馆藏地/架位号 状态 备注
1 0099710   001244488   密集书库/ [索取号:O123.1/10] 在馆    
2 0099711   001244521   第三借阅区/ [索取号:O123.1/10] 在馆    
3 0099712   001244512   第三借阅区/ [索取号:O123.1/10] 在馆    
4 0099713   001939585   第三借阅区/ [索取号:O123.1/10] 在馆    
5 0099714   202093242   第二样本阅览室/ [索取号:O123.1/10] 在馆    
唐山师范学院图书馆 欢迎您!
大连网信软件有限公司© 版权所有